000 01082nam a2200253Ia 4500
003 OSt
005 20221005113046.0
006 a|||||r|||| 00| 0
007 ta
008 221004b |||||||| |||| 00| 0 pan d
020 _a8187654198 (hbk)
_c540
024 _a26796
037 _b977, 16/12/2015, H.K. Prakashan
_cTextual
040 _aCRL
_cCRL
_bpan
041 _2pan
_apan
082 _aV236:51.M, 153Q5
100 _aਸਾਗੂ, ਹਰਬੰਸ ਕੌਰ
245 0 _aਅਠਾਰ੍ਹਵੀ੍ਵ Fਤਾਬਦੀ ਦੇ ਸਿੱਖ Fਹੀਦ
_b ਬਾਬਾ ਬੰਦਾ ਸਿੰਘ ਬਹਾਦਰ 1716 ਈਸਵੀ ਤੋ੍ਵ Fਹੀਦ ਬਾਬਾ ਗੁਰਬ॥F ਸਿੰਘ 1764 ਈਸਵੀ ਤੱਕ
260 _aਦਿੱਲੀ
_bਮਨਪ੍ਰੀਤ ਪ੍ਰਕਾFਨ ਭਾਰਤ
_c2015
300 _a259ਪੰ
_ccm.
650 _aਭਾਰਤੀਯ ਇਤਿਹਾਸ
942 _hV236:51.M, 153Q5
_cTEXL
_2cc
999 _c1026906
_d1026906